000 00488nam a2200205Ia 4500
003 OSt
005 20230509092149.0
008 210423s2008 xx 000 0 und d
020 _a8180616592
040 _cAL
041 _aeng
082 _a574.015195 PRAG
_223
100 _aPRABHAKARA (G N).
_9100169
245 _aBiostatistics.
260 _aNew Delhi
_bJaypee Brothers
_c2008
300 _axxiv,332
_bPB
365 _b325
_cINR
906 _aBiostatistics.
942 _2ddc
_cBK
999 _c164507
_d164507